| 000 -LEADER |
| fixed length control field |
02840cam a2200349 a 4500 |
| 001 - CONTROL NUMBER |
| control field |
15294693 |
| 003 - CONTROL NUMBER IDENTIFIER |
| control field |
OSt |
| 005 - DATE AND TIME OF LATEST TRANSACTION |
| control field |
20170127085914.0 |
| 008 - FIXED-LENGTH DATA ELEMENTS--GENERAL INFORMATION |
| fixed length control field |
080508s2009 ctuabe 001 0 eng |
| 010 ## - LIBRARY OF CONGRESS CONTROL NUMBER |
| LC control number |
2008021330 |
| 015 ## - NATIONAL BIBLIOGRAPHY NUMBER |
| National bibliography number |
GBA8C6017 |
| Source |
bnb |
| 016 7# - NATIONAL BIBLIOGRAPHIC AGENCY CONTROL NUMBER |
| Record control number |
014793900 |
| Source |
Uk |
| 020 ## - INTERNATIONAL STANDARD BOOK NUMBER |
| International Standard Book Number |
9780300121810 (cloth : alk. paper) |
| 020 ## - INTERNATIONAL STANDARD BOOK NUMBER |
| International Standard Book Number |
0300121814 (cloth : alk. paper) |
| 035 ## - SYSTEM CONTROL NUMBER |
| System control number |
(OCoLC)ocn228503229 |
| 040 ## - CATALOGING SOURCE |
| Original cataloging agency |
DLC |
| Transcribing agency |
DLC |
| Modifying agency |
BTCTA |
| -- |
OCLCG |
| -- |
UKM |
| -- |
YDXCP |
| -- |
C#P |
| -- |
BWX |
| -- |
CDX |
| -- |
YBM |
| -- |
BON |
| -- |
VP@ |
| -- |
NLE |
| -- |
CQU |
| -- |
DLC |
| 050 00 - LIBRARY OF CONGRESS CALL NUMBER |
| Classification number |
NA737.J6 |
| Item number |
P57 2009 |
| 082 00 - DEWEY DECIMAL CLASSIFICATION NUMBER |
| Classification number |
720.92 |
| Edition number |
22 |
| 245 00 - TITLE STATEMENT |
| Title |
Philip Johnson : |
| Remainder of title |
the constancy of change / |
| Statement of responsibility, etc. |
edited by Emmanuel Petit ; foreword by Robert A.M. Stern ; essays by Beatriz Colomina ... [et al.]. |
| 260 ## - PUBLICATION, DISTRIBUTION, ETC. (IMPRINT) |
| Place of publication, distribution, etc. |
New Haven : |
| Name of publisher, distributor, etc. |
Yale University Press : |
| -- |
In association with the Yale University School of Architecture, |
| Date of publication, distribution, etc. |
c2009. |
| 300 ## - PHYSICAL DESCRIPTION |
| Extent |
ix, 278 p. : |
| Other physical details |
ill. (some col.), maps, plans ; |
| Dimensions |
28 cm. |
| 500 ## - GENERAL NOTE |
| General note |
Includes index. |
| 505 0# - FORMATTED CONTENTS NOTE |
| Formatted contents note |
Roaming through history -- Philip Johnson: art and irony / Vincent Scully -- The autobiographical house: around a haunted hearth / Kurt W. Forster -- Philip Johnson: act one, scene one -- The museum of modern art? / Terence Riley with Joshua Sacks -- Johnson on TV / Beatriz Colomina -- Society, power, and politics -- The figurehead: on monumentality and Nihilism in Philip Johnson's life and work / Joan Ockman -- Liquidity: architecture and oil / Reinhold Martin -- Philip Johnson's empire: network power and the AT&T building / Kazys Varnelis -- Philip Johnson and the smile of Medusa / Charles Jencks -- The plot against architecture / Michael Sorkin -- Reckoning with modernism -- The delicacy of modern tastes / Detlef Mertins -- Playboy architecture then and now / Stanislaus von Moos -- Philip Johnson: breaking with modernism--the "whence & whither" of it / Phillis Lambert -- Reaction design / Mark Wigley -- Theory -- Philip Johnson: romanticism and disintegration / Peter Eisenman -- Philip Johnson and the rhetoric of the new: Panta Rhei versus the avant-garde / Ujjval Vyas -- Working out Johnson's role in history / Mark Jarzombek -- The new canaan estate: a gallery. |
| 600 10 - SUBJECT ADDED ENTRY--PERSONAL NAME |
| Personal name |
Johnson, Philip, |
| Dates associated with a name |
1906-2005 |
| General subdivision |
Criticism and interpretation. |
| 650 #0 - SUBJECT ADDED ENTRY--TOPICAL TERM |
| Topical term or geographic name as entry element |
Architecture |
| Geographic subdivision |
United States |
| General subdivision |
History |
| Chronological subdivision |
20th century. |
| 650 #0 - SUBJECT ADDED ENTRY--TOPICAL TERM |
| Topical term or geographic name as entry element |
Architects |
| Geographic subdivision |
United States. |
| 700 1# - ADDED ENTRY--PERSONAL NAME |
| Personal name |
Petit, Emmanuel, |
| Dates associated with a name |
1973- |
| 700 1# - ADDED ENTRY--PERSONAL NAME |
| Personal name |
Colomina, Beatriz. |
| 856 41 - ELECTRONIC LOCATION AND ACCESS |
| Materials specified |
Table of contents only |
| Uniform Resource Identifier |
<a href="http://www.loc.gov/catdir/toc/ecip0818/2008021330.html">http://www.loc.gov/catdir/toc/ecip0818/2008021330.html</a> |
| 906 ## - LOCAL DATA ELEMENT F, LDF (RLIN) |
| a |
7 |
| b |
cbc |
| c |
orignew |
| d |
1 |
| e |
ecip |
| f |
20 |
| g |
y-gencatlg |
| 942 ## - ADDED ENTRY ELEMENTS (KOHA) |
| Source of classification or shelving scheme |
|
| Koha item type |
Hard Covered Materials |
| Classification part |
NA 737 .J6P57 2009 |